Optimalizácia počtu telefónnych pevných liniek, mobilov typu Orange a T-mobilov z hľadiska minimalizácie nákladov firmy na telefóny bakalárska práca

Saved in:
Bibliographic Details
Main Author: Kavecká, Martina
Corporate Author: Fakulta hospodárskej informatiky EU. Katedra operačného výskumu a ekonometrie
Other Authors: Čemická, Katarína
Format: Book
Language:Slovak
Published: Bratislava 2009
Tags: Add Tag
No Tags, Be the first to tag this record!

MARC

LEADER 00000nam$a2200000$$$4500
001 0096118
005 20240318134141.6
041 0 |a slo 
044 |a SK 
245 1 0 |a Optimalizácia počtu telefónnych pevných liniek, mobilov typu Orange a T-mobilov z hľadiska minimalizácie nákladov firmy na telefóny  |b bakalárska práca  |c Martina Kavecká ; škol. Katarína Čemická 
264 1 |a Bratislava  |c 2009 
300 |a 29 s. 
100 1 |a Kavecká, Martina 
700 1 |a Čemická, Katarína 
710 2 |a Fakulta hospodárskej informatiky EU. Katedra operačného výskumu a ekonometrie